Stemmi Squadre di calcio - Serie A - Quiz n°9 - Statistics

Statistiche generali
  • Questo quiz è stato fatto 941 volte
  • Il punteggio medio è 9 su 10
Statistiche sulle risposte
con Immagini Risposta % Corretto
Unione Sportiva Lecce
100%
Unione Sportiva Sassuolo Calcio
100%
Barletta 1922
99%
Unione Calcio Sampdoria
99%
Unione Sportiva Alessandria Calcio 1912
99%
Hellas Verona Football Club
98%
Bologna Football Club 1909
93%
Cagliari Calcio
93%
Associazione Sportiva Sambenedettese
91%
Unione Sportiva Pistoiese 1921
38%
Nessun quiz corrispondente trovato
Distribuzione punteggi
Percentuale di utenti per punteggio
Percentile per numero di risposta
I tuoi punteggi nel tempo
Non hai fatto questo quiz